000 01011nam a22003257a 4500
001 BR6003984
003 BR-BrBNA
005 20230928083159.0
007 ta
008 230509b bl.||||| |||| 00| 0 por d
040 _aBR-BrBNA
_bpor
_cBiblioteca Nacional de Agricultura
041 _a(Por)
072 _aL00; E70; E15
_b6100
_b/G514
090 _ 6100 BR6003984
110 1 _aMinisterio da Agricultura, Brasilia, DF (Brasil);
_96753
110 1 _aSecretaria de Estado da Agricultura, Belo Horizonte, MG (Brasil). Depto. de Estudos Rurais
_98800
245 1 _aEstrutura da producao e comercializacao das granjas avicolas de Minas Gerais [Brasil]
260 3 _aBelo Horizonte, MG (Brasil):
_c1971.
300 _a71 p.
500 _a64 tables
650 _aProducao animal
650 _aComercializacao
650 _aMicroeconomia
650 _aGalinha
650 _aCriacao
650 _aCusto de producao
650 _aMinas Gerais
909 _a202309
_bLucia
_c55
_dLucia Elande
942 _cBK
999 _c12012
_d12012